[Event "GER-ch 74th"]
[Site "Saarbruecken"]
[Date "2002.11.30"]
[Round "9"]
[White "Luther, Thomas"]
[Black "Gutman, Lev"]
[Result "1-0"]
[WhiteElo "2538"]
[BlackElo "2476"]
[Annotator "Ribli,Z"]
[PlyCount "77"]
[EventDate "2002.11.22"]
[EventType "swiss"]
[EventRounds "9"]
[EventCountry "GER"]
[SourceTitle "CBM 093"]
[Source "ChessBase"]
[SourceDate "2003.04.01"]
[SourceVersion "1"]
[SourceVersionDate "2003.04.01"]
[SourceQuality "1"]

1. e4 c5 2. Nf3 Nc6 3. d4 cxd4 4. Nxd4 Qc7 5. Nc3 e6 6. f4 {Eine relativ
seltene Fortsetzung, die vor ca. 10 Jahren sehr populär war. Früher pflegte
Großmeister Luther fast ausschließlich den Zug 6.Be2 zu spielen.} Nxd4 7. Qxd4
a6 8. a4 {Dieser Zug ist ein wirklich seltener Gast in der Turnierpraxis. Weiß
verhindert einfach die Möglichkeit b7-b5, die schwarze Hauptidee in dieser
Variante. Ich bin nicht sicher, dass diese Fortsetzung in Zukunft populär
werden wird.} Ne7 (8... d6 9. Be3 Nf6 10. Be2 Be7 11. O-O O-O 12. Rad1 {
1/2-1/2 Luther,T-Lautier,J/Germany 2002/EXT 2003 (23) -> B85}) (8... b6 9. Be3
Rb8 10. Be2 d6 11. Rd1 Nf6 12. O-O Be7 13. e5 dxe5 14. Qxe5 Qxe5 15. fxe5 Nd7
16. Ne4 {1/2-1/2 Fries Nielsen,J-Cramling,P/Sweden 2000/EXT 2002 (16)}) (8...
Nf6 9. Be3 (9. e5 $5) 9... Ng4 10. Qb6 Bd6 11. Qxc7 Bxc7 12. Bd2 d6 13. Bd3 Bd7
14. a5 Bc6 15. b4 O-O 16. h3 Nf6 {1/2-1/2 Adams,M-Lutz,C/Cologne GER 2003/(22)}
) 9. Be3 d5 {Ein interessantes Bauernopfer, aber - ich glaube - das ist nicht
völlig korrekt.} (9... Nc6 $5 {Das ist die logische Fortsetzung - der Nachteil
des Zugs ist, dass der b6-Feld ist schwach in der schwarze Stellung.} 10. Qb6
Qxb6 11. Bxb6 Bb4 $5 (11... Bd6 12. g3 Bb8 13. O-O-O d6 14. Bg2 Bd7 15. Rhe1
Ne7 16. b3 O-O 17. Bc5 Bc6 18. Bxd6 Bxd6 19. Rxd6 {1-0 Kuzmin,G-Tunik,G/
Alushta 2000/EXT 2001 (47)}) 12. O-O-O d6 (12... O-O 13. g3 Bxc3 14. bxc3 d5
15. exd5 exd5 16. Bg2 Be6 17. Bxd5 Rfe8 {1/2-1/2 Kozlova,O-Cosma,E/Warsaw 1999/
EXT 2000 (42)}) 13. h4 Bd7 14. Rh3 Ne7 15. Rhd3 Bc6 16. Rd4 Bxc3 (16... Bc5 17.
Bxc5 dxc5 18. Rd6 $14) 17. bxc3 O-O 18. a5 d5 {1/2-1/2 Luther,T-Kotronias,V/
Catalan Bay ENG 2003/(24)}) 10. O-O-O (10. exd5 $1 Nf5 11. Qb6 (11. Qe4 Nxe3 (
11... Bd6 $44) 12. Qxe3 Bc5 $44) 11... Qxb6 (11... Bd6 12. Qxc7 Bxc7 13. Bd2
$16) 12. Bxb6 Bb4 13. O-O-O (13. dxe6 Bxe6 $44) 13... Bxc3 14. bxc3 exd5 15.
Rxd5 Be6 16. Re5 $16) 10... Nc6 (10... dxe4 11. Bb5+ $1 (11. Nxe4 Nd5) 11...
Nc6 12. Bxc6+ bxc6 13. Nxe4 $36) 11. Qb6 Qxb6 12. Bxb6 {[%csl Gb6,Rc8] Der Bb6
steht ausgezeichnet, während der Bc8 Entwicklungsprobleme hat.} dxe4 13. Nxe4
Bd7 14. b3 $5 {[%mdl 4] Weiß verstärkt seine Bauernstellung am Damenflügel,
was besser ist als die Alternative 14.Nc5, aber 14.Bc4 scheint mir noch
stärker.} (14. Nc5 $6 {Dieser Zug kommt zu früh. Weiß muss die Spannung in der
Stellung halten.} Bxc5 15. Bxc5 Rc8 16. b3 Na5 17. b4 Bxa4 18. Rd2 b5 19. Be2
Nc4 20. Bxc4 bxc4 21. f5 a5 22. c3 axb4 23. cxb4 Rd8 {1/2-1/2 De Vreugt,
D-Horvath,J/Haarlem 2001/EXT 2002 (29)}) (14. Bc4 $1 {[%cal Gh1e1,Ge1e8,Gf4f5]
Nachfolgend kann Weiß mit 15.Rhe1 seine letzte Figur mobilisieren, während
Schwarz große Schwierigkeiten mit der Entwicklung hat.}) 14... f5 15. Nc5 Bxc5
16. Bxc5 $14 {[%csl Gc5,Re8][%cal Gc5f8] Weiß hat das Läuferpaar, besonders
der Bc5 ist stark. Die dunklen Felder sind permanent schwach in der schwarzen
Stellung.} Rc8 17. Ba3 Ne7 18. Bd3 (18. Bc4 b5 19. axb5 axb5 20. Bd3 Nd5 $132)
18... Rf8 19. Rhe1 Rf6 {[%cal Gf6e6,Gf6h6] Der Turm verteidigt den e6-Bauern
und später wird Rg6 oder Rh6 möglich.} 20. Bc4 Rh6 (20... Rxc4 $5 {Schwarz
steht so passiv, dass dieses Qualitätsopfer in Betracht kommt.} 21. bxc4 Bxa4
22. Rd6 Kf7 $14) 21. h3 Rc7 (21... b5 22. axb5 axb5 23. Bf1 $14) 22. Bd6 Rc8
23. g4 b5 $2 {Dieser Zug ist zu optimistisch, die einzige Chance für Schwarz
wäre das Qualitätsopfer auf c4.} (23... Rxh3 $2 24. Bxe6 $18) (23... Rxc4 $1
24. bxc4 Rxh3 (24... Bxa4 25. g5 Rg6 26. h4 $18) 25. Bxe7 (25. g5 $5) 25...
Kxe7 26. gxf5 Bxa4 27. Rxe6+ (27. fxe6 Rc3 $14) 27... Kf7 $14) 24. g5 $16 bxc4
(24... Rxh3 25. Bxe6 $18) (24... Rg6 25. axb5 axb5 26. Be2 $18 {[%cal Re2h5,
Rh5e8]}) 25. gxh6 cxb3 26. Bxe7 (26. hxg7 $16) 26... Kxe7 (26... Rxc2+ 27. Kb1
Kxe7 28. hxg7 Rg2 29. Rg1 $18) 27. hxg7 {[%mdl 1024] Weiß hat nicht nur
Materialvorteil, sondern seine Stellung ist auch viel aktiver.} bxc2 28. Rd4
Rg8 29. Rg1 Be8 30. h4 $1 (30. Kxc2 $16) 30... Bg6 31. Rg5 Kf6 (31... Rxg7 32.
h5 $18) 32. h5 Bf7 33. h6 $18 {[%csl Gg7,Gh6] Die verbundenen weißen Bauern
entscheiden die Partie.} Rc8 34. Rg2 Rb8 35. Kxc2 e5 36. Rd6+ Ke7 37. fxe5 f4
38. Rxa6 Bd5 39. g8=Q (39. Ra7+ $18) 1-0

[Event "Linares 13th"]
[Site "Linares"]
[Date "1995.03.05"]
[Round "4"]
[White "Short, Nigel D"]
[Black "Ljubojevic, Ljubomir"]
[Result "1-0"]
[WhiteElo "2655"]
[BlackElo "2580"]
[Annotator "Ribli,Z"]
[PlyCount "61"]
[EventDate "1995.03.01"]
[EventType "tourn"]
[EventRounds "13"]
[EventCountry "ESP"]
[EventCategory "17"]
[SourceTitle "CBM 046"]
[Source "ChessBase"]
[SourceDate "1995.06.01"]
[SourceVersion "1"]
[SourceVersionDate "1995.06.01"]
[SourceQuality "1"]

1. e4 {Ftacnik} c5 2. Nf3 e6 3. d4 cxd4 4. Nxd4 Nc6 5. Nc3 Qc7 6. Be2 a6 7. O-O
Nf6 8. Kh1 b5 $6 {Eine zweischneidige Variante. Ich koennte (>=) 8...Nd4
empfehlen.} (8... Nxd4 9. Qxd4 Bc5 10. Qd3 b5 11. f4 Bb7 12. Bf3 h5 $5 $13 {
Schwarz steht sehr flexibel. Anand,V-Ivanchuk,V/Buenos Aires Sicilian/1994/
CBM44/}) 9. Nxc6 dxc6 10. f4 b4 (10... Bb7 11. e5 Rd8 12. Qe1 Nd5 13. Nxd5 cxd5
14. Bd3 g6 15. a4 $36 {Weiss hat am Damenfluegel eine starke Initiative. Ye
Jiangchuan-Polgar,J/ Biel izt/1993/CBM37/INF58,220/}) 11. e5 bxc3 12. exf6 gxf6
13. Qe1 (13. Qd4 $5 Be7 14. Qxc3 Bb7 15. f5 e5 16. Be3 c5 17. Rad1 h5 18. Bf3
Rg8 19. Qc4 Bxf3 20. Rxf3 Rg4 21. Qe2 Bd6 22. h3 Rg8 23. Bf2 Qc6 24. Bh4 $16 {
Ricardi,P-Sunye Neto,J/Buenos Aires ARG-WORLD (06)/1994/1-0 (34)}) (13. bxc3 {
Ftacnik} c5 14. Bf3 Rb8 15. Be3 Bd6 16. Qd3 O-O 17. Rad1 Rb6 18. f5 exf5 19.
Bh6 Re8 20. Bd5 Kh8 21. Rxf5 Bxf5 22. Qxf5 Qe7 23. Be4 {1-0/Luther,T-Varga,Zo/
Mitropa Cup/1991/}) 13... Qa5 {Das ist offenbar eine Neuerung.} (13... Bb4 14.
bxc3 Be7 15. Bf3 Rb8 16. Qg3 f5 17. Qg7 Rf8 18. c4 c5 19. Bb2 Bb7 20. Be5 $16 {
Weiss hat einen gefaehrlichen Angriff. Velimirovic,D-Damjanovic,M/Sombor/1972/
INF14,378/} (20. Be5 {Ftacnik} Bd6 21. Bxd6 Qxd6 22. Rad1 Qc7 23. Rfe1 Bc8 24.
Qf6 {Velimirovic,D-Damjanovic,M/Sombor/1972/1-0 (31)})) 14. bxc3 Rb8 15. Bd2 (
15. Bf3 {Ftacnik} Bd7) 15... Rb2 16. Bd3 (16. c4 {Ftacnik} Bb4 $1 (16... Qa4 $2
17. Bc3 Rxa2 18. Rxa2 Qxa2 19. Bxf6 Rg8 20. Qd2 Bd7 21. Rd1 $18) 17. Bxb4 Qxb4
$13) 16... Rxa2 17. Rb1 $1 $44 {Weiss besitzt die b-Linie und der schwarze
Turm stellt sich auf a2 selbst ins Abseits. Short hat mehr als ausreichende
Kompensation fuer den Bauern.} Qc7 18. c4 h5 (18... Be7 {Ftacnik} 19. f5 e5 20.
Qh4) 19. Bc3 Rh6 20. Qh4 (20. f5 $5 {Ftacnik}) 20... Be7 (20... f5 $1 {Ftacnik}
21. Be5 Qd7 22. Rb8 Be7 23. Qf2 $40) 21. f5 e5 (21... exf5 {Ftacnik} 22. Bd2
Rh7 23. Bf4 $16) 22. c5 $1 {Weiss wird den schwarzen Turm einfangen.} Ra3 (
22... Bxc5 $2 23. Qc4 $18 (23. Qc4 {Ftacnik} Ra5 24. Bxa5 Qxa5 25. Rb8 Kd8 26.
Qxa6 Qc7 27. Rxc8+ Qxc8 28. Qa5+ $18)) 23. Qb4 Rxc3 (23... Ra2 {Ftacnik} 24.
Qb3 Ra5 25. Qb8 $18) 24. Qxc3 Qa7 25. Rb6 Bd8 26. Rb3 $1 {Der einfachste Weg} (
26. Rxc6 Bb7 27. Rxa6 (27. Rd6 {Ftacnik} Bc7 28. Qd2 Bxd6 29. Qxh6 Qxc5 $132)
27... Bxa6 28. Ra1 $16) 26... Bc7 (26... Be7 27. Be4 $18 (27. Be4 {Ftacnik}
Bxc5 28. Bxc6+ Ke7 (28... Kf8 29. Qd2 Rh8 30. Qd8+ Kg7 31. Rg3+ Kh7 32. Qxf6
$18) 29. Rfb1 $18)) 27. Be4 Qa8 28. Qf3 Kf8 (28... Bd7 29. Rd1 {Droht (/\) 30.
Rd7,Bc6,Rd3 +-} (29. Rfb1 {Ftacnik} Kd8 30. Rb7 $18)) 29. Bxc6 Qa7 30. Qd5 Kg7
(30... Rh7 {Ftacnik} 31. Bb7 $18) 31. Be8 {Gegen Short Sizilianisch zu spielen
ist keine Lebensversicherung. Ribli} (31. Be8 {Ftacnik} Ba5 32. Rb8 Qxb8 33.
Qxf7+ Kh8 34. Qf8+ Kh7 35. Bg6+ Rxg6 36. fxg6+ Kxg6 37. Qg8+ Kh6 38. Rxf6#) 1-0

[Event "Riga Tal Memorial"]
[Site "Riga"]
[Date "1995.??.??"]
[Round "10"]
[White "Kasparov, Garry"]
[Black "Kengis, Edvins"]
[Result "1-0"]
[WhiteElo "2805"]
[BlackElo "2575"]
[Annotator "Ribli,Z"]
[PlyCount "47"]
[EventDate "1995.04.??"]
[EventType "tourn"]
[EventRounds "11"]
[EventCountry "LAT"]
[EventCategory "17"]
[SourceTitle "CBM 047"]
[Source "ChessBase"]
[SourceDate "1995.08.01"]
[SourceVersion "1"]
[SourceVersionDate "1995.08.01"]
[SourceQuality "1"]

1. e4 {Dolmatov} c5 2. Nf3 e6 3. d4 cxd4 4. Nxd4 Nc6 5. Nc3 Qc7 6. Be2 {
Zum ersten Mal spielt Kasparov diese Variante, vorher spielte er Be3 und Bd3.}
a6 7. O-O Nf6 8. Kh1 Nxd4 9. Qxd4 Bc5 10. Qd3 h5 $6 {Ich denke, dass dieser
Zug fuer Schwarz nicht gut ist.} (10... b5 $5 11. f4 Bb7 12. Bf3 h5 $5 $13 {
Jetzt geht schon. Anand,V-Ivanchuk,V/Buenos Aires Sicilian/1994/CBM44/} (12...
O-O $5)) 11. Bg5 $5 {Ganz in Mode.} (11. f4 {Dolmatov} Ng4 12. e5 d6 13. Ne4 (
13. exd6 Qxd6 14. Ne4 Qxd3 $10) 13... d5 14. Nxc5 Qxc5 $10) 11... b5 (11... Ng4
$5 {Dolmatov} 12. f4 Nf2+ 13. Rxf2 Bxf2 14. e5 Bc5 15. Ne4 $44) 12. f4 Bb7 (
12... Ng4 {Dolmatov} 13. e5 Bb7 (13... Nf2+ 14. Rxf2 Bxf2 15. Ne4 $16) 14. Bf3
$16) 13. e5 $5 {Eine Neuerung gegenueber 13.Bf3.} (13. Bf3 Ng4 $2 14. e5 Bxf3
15. Qxf3 O-O 16. Ne4 d5 17. exd6 Bxd6 18. h3 $16 {Tseshkovsky,V-Tregubov,P/
Sochi/1994/INF61,195/}) 13... Nd5 (13... Ng4 {Dolmatov} 14. Bf3 $1 Nf2+ 15.
Rxf2 Bxf2 16. Bxb7 Qxb7 17. Ne4 $18) 14. Nxd5 Bxd5 15. a4 $2 {Weiss verliert
ein wichtiges Tempo.} (15. Bf3 $1 $14) (15. Bf3 {Dolmatov} Bc4) 15... Qc6 16.
Bf3 Bxf3 17. Rxf3 bxa4 (17... O-O 18. Bf6 $1 $40) (17... g6 $32 $16 {Dolmatov})
18. f5 Rb8 19. Raf1 O-O $2 {Schwarz hoffte, dass er seinen Koenig in
Sicherheit gebracht hat.} (19... Rf8 $5 {Schwarz sollte seinen Koenig in der
Mitte halten, weil sein Koenigsfluegel (siehe 10...h5) deutlich geschwaecht.})
(19... Rxb2 $5 20. fxe6 Qxe6 21. Rxf7 Qxf7 22. Rxf7 Kxf7 23. Qxd7+ Kg6 24. h4
a3 $14 {Schwarz hat wegen seines starken a3-Bauern gute Rettungschancen.}) 20.
Bf6 $1 {Eine unangenehme Ueberraschung. Alle weisse Figuren greifen den
schwarzen Koe- nig an, der steht allein ohne Hilfe.} Qb5 (20... gxf6 21. Rg3+
Kh8 (21... Kh7 {Dolmatov} 22. Qe2 $18) 22. Qe2 $18) 21. Rg3 g6 (21... Qxd3 22.
Rxg7+ Kh8 23. Rg5+ Kh7 24. Rxh5+ Kg8 25. Rh8#) 22. Qd1 exf5 23. Rxf5 Rb6 24.
Qxh5 {Ribli} 1-0

[Event "Copenhagen K41"]
[Site "Copenhagen"]
[Date "1995.??.??"]
[Round "5"]
[White "Wang, Zili"]
[Black "Mortensen, Erling"]
[Result "1-0"]
[WhiteElo "2505"]
[BlackElo "2500"]
[Annotator "Ribli,Z"]
[PlyCount "37"]
[EventDate "1995.06.??"]
[EventType "tourn"]
[EventRounds "9"]
[EventCountry "DEN"]
[EventCategory "10"]
[SourceTitle "CBM 048"]
[Source "ChessBase"]
[SourceDate "1995.10.01"]
[SourceVersion "1"]
[SourceVersionDate "1995.10.01"]
[SourceQuality "1"]

1. e4 c5 2. Nf3 Nc6 3. d4 cxd4 4. Nxd4 Qc7 5. Nc3 e6 6. Be2 a6 7. O-O b5 8.
Nxc6 dxc6 (8... Qxc6 $6 9. Bf3 Bb7 10. Bf4 d6 11. Re1 e5 12. a4 $1 $16 {
Velimirovic,D-Vasiukov,E/Jugoslavija/1973/INF16,31/}) 9. a4 $5 (9. f4 Bb7 10.
Bf3 $13 {Yurtaev,L-Mortensen,E/Moscow olm/1994/EXP44/}) 9... Bb7 $2 {Dieser
schablonhaften Zug ist ein grober Eroeffnungsfehler.} (9... Rb8 10. f4 Bb7 11.
Kh1 (11. Bd3 $5) 11... Rd8 12. Qe1 Be7 $13 {Braga,F-Karpov,A/Dubai ol/1986/
INF42,209/}) 10. axb5 cxb5 $2 (10... Rd8 11. b6 Qxb6 12. Bd3 $16 {Mit der Idee
/\ Qe2 (>< a6).}) 11. Nxb5 $1 axb5 12. Bxb5+ Ke7 13. Rxa8 Bxa8 14. Qd3 {
(+/- Karpov) Ich meine auch, dass Weiss mehr als genueg Kompensation fuer die
geopferte Figur hat.} Qd6 15. Qe3 Kd8 {Schwarz verliert einfach. Allerdings
faellt es nicht leicht, dem Nachziehenden einen guten Rat zu geben.} (15... Kf6
16. Qf3+ Ke7 (16... Kg6 17. Qg4+ Kf6 18. Qg5#) 17. Rd1 $18) (15... Bb7 16. Qa7
Qc7 17. Be3 $18 (17. Ba6 $18)) 16. Qa7 Bc6 (16... Bxe4 17. Be3 $1 $18) 17. Qb6+
Qc7 18. Rd1+ Kc8 19. Ba6+ {Weiss hat seine Angriffsmoeglichkeit sehr gut
benutzt.} (19. Ba6+ Bb7 20. Bxb7+ Qxb7 21. Rd8#) 1-0

[Event "Ciocaltea Memorial"]
[Site "Bucharest"]
[Date "1998.??.??"]
[Round "6"]
[White "Nisipeanu, Liviu Dieter"]
[Black "Yegiazarian, Arsen"]
[Result "1/2-1/2"]
[WhiteElo "2610"]
[BlackElo "2455"]
[Annotator "Ribli,Z"]
[PlyCount "93"]
[EventDate "1998.02.??"]
[EventType "tourn"]
[EventRounds "13"]
[EventCountry "ROU"]
[EventCategory "11"]
[SourceTitle "CBM 064"]
[Source "ChessBase"]
[SourceDate "1998.06.02"]
[SourceVersion "1"]
[SourceVersionDate "1998.06.02"]
[SourceQuality "1"]

1. e4 c5 2. Nf3 Nc6 3. d4 cxd4 4. Nxd4 Qc7 {Das ist eine gute Zugfolge, wenn
Schwarz die Variante 1.e4 c5 2.Nf3 e6 3.d4 cxd4 4.Nxd4 Nc6 5.Nb5 vermeiden
möchte, denn in unserer Partiestellung wäre 5.Nb5 weniger unangenehm.} 5. Nc3
e6 6. Be2 a6 7. f4 Nxd4 $5 {Meiner Meinung nach ist das die bessere
Alternative als 7...b5 8.Nxc6 Qxc6 9.Bf3.} (7... Bb4 8. Nxc6 bxc6 9. Qd4 {
[%cal Rd4b4,Rd4g7]} Bf8 10. e5 (10. O-O d5 11. Kh1 Nf6) (10. f5 e5 11. Qd3 Nf6
12. Bg5 Rb8 13. O-O-O Bb4 $13) 10... Ne7 11. Bd3 (11. Ne4 Nf5 12. Qc3 Rb8 {
[%cal Rf8b4,Rb4e1]} 13. a3 c5 $132) (11. Qd3 c5 12. Bf3 Rb8 13. O-O c4 14. Qd1
Nf5 15. Ne4 Bb7 $132)) 8. Qxd4 b5 {Es hat den Anschein, als besäße Weiß
aufgrund seines Entwicklungsvorsprungs enormen Vorteil, aber in Wirklichkeit
ist die schwarze Stellung gut zu verteidigen, und die weiße Dame steht nicht
besonders gut auf d4.} 9. Be3 Bb7 10. O-O {Viel schärfer ist die Variante mit
10.0-0-0. In unserer Partie strebt Weiß nach positionellem Druck auf der
d-Linie.} (10. Bf3 Rc8 11. O-O h5 12. Rad1 Nf6 13. h3 h4 14. Rf2 $5 (14. e5 Nh5
15. Bxb7 Qxb7 $10 {Velimirovic,D-Andersson,U/Reggio/1986/CBM04/INF43,(230)/})
14... Bc5 15. Qxc5 Qxc5 16. Bxc5 Rxc5 17. Rd6 Ke7 $5 (17... b4 $6 18. Na4 Ra5
19. Rb6 Bxe4 20. Rxb4 Rb5 21. Rc4 $16 {Dvoirys,S-Tregubov,P/RUS-chT/Moscow/
1994/EXP45/INF63,152/}) 18. Rb6 Bc6 19. Rxa6 Nh5 $5 $44 {1/2-1/2 Anka,E-Landa,
K/Balatonbereny 1995 (50)}) 10... Rc8 11. Rad1 Nf6 12. Bf3 (12. e5 Nd5 13. Nxd5
Bxd5 14. Bf3 Bc5 $5 (14... Bxf3 15. Rxf3 $14) 15. Qxc5 Qxc5 16. Bxc5 Bxf3 17.
Rxf3 Rxc5 18. Rfd3 Rxc2 19. Rxd7 O-O $11) 12... Be7 $146 {Meines Erachtens
bietet die Alternative 12...h5 bessere Chancen auf Gegenspiel, der Partiezug
scheint mir etwas passiver angelegt zu sein.} (12... h5 $5 13. h3 (13. Kh1 Be7
14. Rd2 d6 $13) 13... h4 14. Rf2 Bc5 15. Qxc5 Qxc5 16. Bxc5 Rxc5 17. Rd6 Bc6
18. e5 Nh5 19. Bxc6 Rxc6 20. Rxc6 dxc6 21. Ne4 Ke7 22. Kf1 Rd8 23. Ke2 f6 24.
exf6+ gxf6 $11) 13. e5 $14 Bxf3 14. gxf3 (14. exf6 Bxf6 $17) (14. Rxf3 Ng4 $11
{Schwarz tauscht den Läufer und kommt mit Tempo auf die Diagonale a7-g1.})
14... Nh5 15. Ne4 {Die weiße Bauernstruktur am Königsflügel ist schlecht,
dafür übt Weiß Druck auf der d-Linie aus.} (15. f5 Bc5 (15... exf5 $5 16. Nd5
Qd8) 16. Qxc5 Qxc5 17. Bxc5 Rxc5 18. fxe6 dxe6 19. f4 Rc4 (19... Ke7 20. Rd6 b4
)) 15... f5 (15... O-O 16. Qxd7 $16) (15... g6 $2 {Im Endspiel wäre dieser Zug
- /\ Ng7- logisch.} 16. Nd6+ Bxd6 17. exd6 $18 {[%cal Rd4h8,Rd6c7]}) 16. Nd6+ (
16. exf6 gxf6 $15 (16... Nxf6 $15)) 16... Bxd6 17. Qxd6 (17. exd6 Qc6 $15 {
Und Schwarz kommt mit Kf7,Nf6,Nd5.Ribli.} (17... Qxc2 $2 18. Rc1 $18)) 17...
Qxd6 18. Rxd6 {Das ist ein für diese Variante typisches Endspiel. Weiß übt
Druck am Damenflügel aus, aber sein B spielt eine eher genügsame Rolle.
Schwarz hat Gegenspiel auf der c-Linie und dem weißen Feldern.} Rxc2 (18... Rc6
19. Rxc6 dxc6 20. Rd1 Ke7 21. Bc5+ Kf7 22. Rd7+ $16) 19. Rxa6 O-O (19... Kf7
20. Rd1) 20. Rf2 Rfc8 21. Rd6 R2c4 {Statt sich zu verteidigen, entwickelt
Schwarz Gegenspiel.} (21... R8c7 22. Rxd7 Rxf2 (22... Rxd7 23. Rxc2 $16) 23.
Rd8+ Kf7 24. Kxf2 Rc2+ 25. Rd2 $16) (21... R2c7 22. Rfd2 $14) 22. Rxd7 Nxf4 {
[%cal Rf4h3,Rh3g1,Rh3f2]} 23. Bxf4 Rxf4 {[%csl Gd7]} 24. Re7 {Mit vier Türmen
auf dem Brett gibt es immer eine große Remisbreite. In unserer Stellung
besitzt Weiß etwas Initiative, weil sein Turm ausgezeichnet auf der 7. Reihe
steht.} (24. Rg2 g6 $5 {[%csl Rg2]}) 24... Ra4 (24... Rc6 25. Rg2 Rc1+ (25...
g6 26. Rd2 {[%csl Rg8][%cal Rd2d8]}) 26. Kf2 Rc2+ 27. Kg3 Rxg2+ 28. Kxg2 Rc4
$11) 25. b3 (25. Rxe6 Rxa2 $11) 25... Ra6 26. Rd2 {[%cal Rd2d7,Rd7h7] Weiß
bereitet die Turmverdopplung auf der 7. Reihe vor, was für gewöhnlich stark
ist. Schwarz wird diese Attacke jedoch überleben.} h6 (26... Kf8 27. Rb7 $5 (
27. Rdd7 Rxa2 28. Rf7+ Ke8 $11 {[%csl Re8,Rg1][%cal Rc8c1]})) 27. h4 {Weiß
räumt den Punkt h2 für seinen König und unterbindet das später mögliche g7-g5.}
(27. Rg2 $2 Rc1+ 28. Kf2 Rxa2+ $17) 27... Rc1+ 28. Kh2 Ra1 29. Rg2 (29. Rdd7
R6xa2+ 30. Kg3 Rg1+ 31. Kf4 $17 {[%cal Gg1g7]}) 29... R6xa2 30. Rexg7+ Kf8 31.
Rb7 $5 {Zu seinem Unglück ist der weiße Rg2 gefesselt, sonst ginge 31.Rg8
nebst 32.R2g7 (!) Matt. Mit der Partiefortsetzung gewinnt Weiß einen Bauern.}
Rxg2+ (31... Ra5 32. Rc2 {[%csl Rf8][%cal Rc2c8]} R1a2 33. Rxa2 Rxa2+ 34. Kg3
$14) 32. Kxg2 Ke8 $1 {Schwarz aktiviert seinen König, weil der Pb5 ohnehin
nicht zu halten ist.} 33. Rxb5 Kd7 34. Rb6 Re1 35. f4 h5 $1 {Schwarz läßt
seinen Gegner nicht mit h4-h5 zu Raumgewinn kommen.} 36. b4 Rb1 {Der schwarze
Rb1 steht aktiv. Er kontrolliert den b-Bauern und hält den weißen König von
der Seite in Schach.} 37. Rd6+ (37. b5 $5 {Meiner Meinung nach bietet dieser
Zug Weiß bessere Chancen.} Rb3 (37... Kc7 $2 38. Rxe6 Rxb5 39. Rf6 $16) 38. Kf2
Rh3 39. Rd6+ Ke7 40. b6 Rxh4 41. Rd4 Rh2+ 42. Kg3 Rb2 $11) 37... Ke7 38. Rb6 {
Weiß befindet sich in Zeitnot, deshalb macht es für ihn Sinn, die Züge zu
wiederholen.} Kd7 39. Rd6+ Ke7 40. Rd4 {Es ist zwar alles verteidigt, aber der
weiße Rd4 steht sehr passiv. So kann Schwarz das Remis halten.} Rb2+ 41. Kf3
Rb3+ 42. Ke2 {Die einzige Chance für Weiß besteht darin, mit dem König auf den
Damenflügel zu kommen.} Rh3 43. Kd2 (43. b5 Rb3 $11) 43... Rxh4 44. b5 Rh3 45.
Kc2 {45...Rb3 ist zwar nicht möglich, aber Schwarz findet eine einfache
Verteidigung.} (45. b6 Rb3 46. Rd6 h4 $11) (45. Rb4 Kd7 46. b6 Kc8 $11) 45...
Rg3 $11 46. Rc4 (46. b6 Rg8 $11) 46... Ke8 47. Rc6 {Und hier einigte man sich
auf Remis, weil Weiß nicht weiterkommen kann. Ribli.} (47. b6 Kd7 (47... Rg7
48. Rc8+ Kd7 49. Rc7+ $18) 48. Rc7+ Kd8 $11) (47. Rc6 Kd7 $11) 1/2-1/2